000 00454nam a2200193Ia 4500
003 0100
008 130303s9999 xx 000 0 und d
020 _a0855742976
040 _cARRUPELIB
050 _aBV1471.2.R77
100 _aRummery, R. M.
245 _aCatechesis and religious education in a plurarist society
260 _aSydney
260 _bE.J. Dwyer
260 _C1975
300 _a225p.
300 _b 24cm.
942 _2lcc
_01
999 _c64426
_d64426